000
00338cam a2200145ua 4500
041
_a
eng
_h
082
_a
291.175
_b
SCH/SC
100
_a
Schilling, Harold K .
245
_a
Science and religion
260
_a
Newdelhi :
_b
A P C Publications pvt Ltd ,
_c
1985.
300
_a
;
_e
`.
504
_a
942
_c
BK
999
_c
13040
_d
13040